[Event "Hoogeveen op 25th"]
[Site "Hoogeveen"]
[Date "2022.10.21"]
[Round "8"]
[White "Pouw, Marcel Andre"]
[Black "Arabi, Osama"]
[Result "1-0"]
[WhiteElo "1862"]
[BlackElo "2117"]
[PlyCount "77"]
[EventDate "2022.10.15"]
[EventType "swiss"]
[EventRounds "9"]
[EventCountry "NED"]
[SourceTitle "CBM 210 Extra"]
[Source "ChessBase"]
[SourceDate "2022.11.30"]
[SourceVersion "1"]
[SourceVersionDate "2022.11.30"]
[SourceQuality "1"]

1. d4 Nf6 2. Nf3 d5 3. g3 c5 4. c4 dxc4 5. Bg2 e6 6. Qa4+ Nbd7 7. Qxc4 b5 8. Qc2 Bb7 9. 0-0 Rc8 10. Qd1 c4 11. Nc3 b4 12. Nb1 Be7 13. Qa4 Bc6 14. Qa6 0-0 15. a3 Nb8 16. Qxa7 Nbd7 17. Ne5 Nxe5 18. dxe5 Bxg2 19. Kxg2 Qd5+ 20. f3 Bc5 21. Qa6 Ra8 22. Qb5 Rfb8 23. Qxb8+ Rxb8 24. axb4 Qxe5 25. bxc5 Qxe2+ 26. Rf2 Qe1 27. Nc3 Rc8 28. Re2 Qxe2+ 29. Nxe2 h6 30. Be3 Nd5 31. Bg1 Rb8 32. Bd4 e5 33. Bc3 Rb5 34. Ra8+ Kh7 35. Rc8 f6 36. f4 e4 37. Nd4 Nxc3 38. Nxb5 Nxb5 39. Rb8 1-0

[Event "Hoogeveen op 25th"]
[Site "Hoogeveen"]
[Date "2022.10.16"]
[Round "2"]
[White "Romanov, Evgeny"]
[Black "Arabi, Osama"]
[Result "1/2-1/2"]
[WhiteElo "2593"]
[BlackElo "2117"]
[PlyCount "90"]
[EventDate "2022.10.15"]
[EventType "swiss"]
[EventRounds "9"]
[EventCountry "NED"]
[SourceTitle "CBM 210 Extra"]
[Source "ChessBase"]
[SourceDate "2022.11.30"]
[SourceVersion "1"]
[SourceVersionDate "2022.11.30"]
[SourceQuality "1"]

1. e4 c5 2. Nf3 Nc6 3. Bb5 e6 4. 0-0 Nge7 5. d4 cxd4 6. Nxd4 a6 7. Nxc6 Nxc6 8. Bxc6 dxc6 9. Qxd8+ Kxd8 10. Rd1+ Ke8 11. Bf4 b5 12. Nd2 c5 13. a4 b4 14. Nc4 Bb7 15. f3 Be7 16. Na5 Bc8 17. Nc6 Bb7 18. Nxe7 Kxe7 19. Bd6+ Kf6 20. Bxc5 Rhc8 21. Bxb4 Rxc2 22. Bc3+ Ke7 23. Rd4 Rc8 24. Rad1 Ke8 25. Rb4 Rc7 26. Bxg7 f5 27. Be5 Rf7 28. Rbd4 Bc6 29. Rd8+ Ke7 30. Bg3 Rg7 31. exf5 exf5 32. Rb8 f4 33. Bh4+ Ke6 34. Re1+ Kd6 35. Bf2 Bxf3 36. g3 fxg3 37. hxg3 Kc7 38. Rb3 Bc6 39. a5 Rf7 40. Rf1 Kd7 41. Rb6 Rf6 42. Rxa6 Rxb2 43. Ra7+ Bb7 44. a6 Rxa6 45. Rxa6 Rb4 1/2-1/2